000 00996nam a22002417a 4500
008 081022t xxu||||| |||| 00| 0 eng d
010 _aENG-91409
020 _a9788190674898
_c695.00
035 _aEN-74942
037 _bDBAD / PUB
040 _adpl
_bEnglish
082 _a303.40954
100 _aKamlesh Singh
245 _aSocial change in modern India /
_cby Kamlesh Singh
260 _a Delhi
_bNavyug Publishing & Distributors
_c2008
270 _aL-21/1, Street No. 5, Shivaji Marg, Near Kali Mandir, J.P. Nagar, Kartar Nagar, West Ghonda,
_bDelhi
_e110053
300 _av, 280p.
_c23cm (Hb)
500 _aIncludes appendex and bibliographical references
650 _aSocial change
_zIndia
651 _aIndia
_xSocial conditions
_y1947-
942 _2ddc
_cEN
_mKAM
_h303.40954
999 _c17181
_d17181